Priame zahraničné investície v krajinách V4

Porovnanie vývoja prílevu priamych zahraničných investícií do regiónu visegrádskej štvorky. Analýza jednotlivých krajín a ich meniaca sa príťažlivosť pre zahraničných investorov. Charakteristika fungovania štátnych agentúr na podporu prílevu zahraničných investícií do jednotlivých krajín a ich porov...

Descripción completa

Guardado en:
Detalles Bibliográficos
Autor principal: Lipková, Ľudmila
Otros Autores: Pupáková, Zuzana
Formato: Capítulo de libro
Lenguaje:eslovaco
Materias:
Etiquetas: Agregar Etiqueta
Sin Etiquetas, Sea el primero en etiquetar este registro!

MARC

LEADER 00000naa$a2200000$$$4500
001 0038711
005 20231004103422.8
041 0 |a slo 
044 |a SK 
245 1 0 |a Priame zahraničné investície v krajinách V4  |c Ľudmila Lipková, Zuzana Pupáková 
520 |a Porovnanie vývoja prílevu priamych zahraničných investícií do regiónu visegrádskej štvorky. Analýza jednotlivých krajín a ich meniaca sa príťažlivosť pre zahraničných investorov. Charakteristika fungovania štátnych agentúr na podporu prílevu zahraničných investícií do jednotlivých krajín a ich porovnanie s podobnými inštitúciami v Európe. 
610 2 0 |a investície priame zahraničné 
610 2 0 |a investori 
610 2 0 |a Európa 
610 2 0 |a ukazovatele makroekonomické 
610 2 0 |a Slovensko 
610 2 0 |a Maďarsko 
610 2 0 |a Česko 
610 2 0 |a Poľsko 
610 2 0 |a rozhodovanie investičné 
100 1 |a Lipková, Ľudmila 
700 1 |a Pupáková, Zuzana